000 00290nam a22001337a 4500
008 170531b xxu||||| |||| 00| 0 eng d
020 _a9780195106558
041 _aeng
080 _a93
100 _a17
101 _ashh
245 _aHIDDEN ATTRACTION
_cVERSCHUUR, G.L
942 _2udc
_cBK
999 _c15122
_d15122